000 00814nam a2200253Ia 4500
003 OSt
005 20220928112919.0
006 a|||||r|||| 00| 0
007 ta
008 220927b |||||||| |||| 00| 0 eng d
024 _a43730
037 _cAnnuals, Advances
040 _aSDCL
_cSDCL
_beng
041 _2eng
_aeng
082 _ak1,P, 152P5.1 RR
100 _aMishra Vishwa Nath Ed.
_9417979
245 0 _aVishwabharti
_b Encyclopedia.
260 _aLakhnow
_bHindia Vishwabharti Samiti
_c2005
300 _aV1/ 342p
_ccm.
700 _a Gupt Radhe Krishan Ed.
_9430692
700 _a Mishra Jinentra Kumar Ed.
_9430693
942 _hk1,P, 152P5.1 RR
_cREF
_2CC
999 _c747071
_d747071